التغذية في البلدان النامية / (Record no. 14908)
[ view plain ]
| 000 -LEADER | |
|---|---|
| fixed length control field | 00637nam a22001577a 4500 |
| 008 - FIXED-LENGTH DATA ELEMENTS--GENERAL INFORMATION | |
| fixed length control field | 110117t xxu||||| |||| 00| 0 eng d |
| 020 ## - INTERNATIONAL STANDARD BOOK NUMBER | |
| International Standard Book Number | 9770125415 |
| 082 ## - DEWEY DECIMAL CLASSIFICATION NUMBER | |
| Classification number | 641.11724 |
| Item number | ت غ ذ |
| 245 ## - TITLE STATEMENT | |
| Title | التغذية في البلدان النامية / |
| Statement of responsibility, etc | تأليف م ه كنج[وآخ]؛ ترجمة سعد خليل شهاب |
| 260 ## - PUBLICATION, DISTRIBUTION, ETC. (IMPRINT) | |
| Place of publication, distribution, etc | القاهرة : |
| Name of publisher, distributor, etc | الهيئة المصرية العامة للكتاب ، 1990 |
| Date of publication, distribution, etc | 1990 |
| 300 ## - PHYSICAL DESCRIPTION | |
| Extent | 363 ص : |
| Other physical details | ايض ؛ |
| Dimensions | 24 سم |
| 650 ## - SUBJECT ADDED ENTRY--TOPICAL TERM | |
| 9 (RLIN) | 22036 |
| Topical term or geographic name as entry element | التغذية |
| Geographic subdivision | الدول النامية |
| 700 ## - ADDED ENTRY--PERSONAL NAME | |
| 9 (RLIN) | 22037 |
| Personal name | شهاب ، سعد خليل |
| 700 ## - ADDED ENTRY--PERSONAL NAME | |
| 9 (RLIN) | 22034 |
| Personal name | كنج ، م. ه |
| 942 ## - ADDED ENTRY ELEMENTS (KOHA) | |
| Source of classification or shelving scheme | Dewey Decimal Classification |
| Item type | Book - Borrowing |
| Withdrawn status | Item status | Source of classification or shelving scheme | Damaged status | Not for loan | Vendor | Home library | Current library | Shelving location | Date acquired | Source of acquisition | Total Checkouts | Full call number | Barcode | Date last seen | Koha item type |
|---|---|---|---|---|---|---|---|---|---|---|---|---|---|---|---|
| Dewey Decimal Classification | Central Library | Central Library | First floor | 17/01/2011 | 641.11724 ت غ ذ | 000022742 | 15/07/2025 | Book - Borrowing |